000 01020cam a2200301 a 4500
005 20260322212045.0
008 data
010 _a 90044912
020 _a0811427730
020 _a9780811427739
040 _aDLC
_cDLC
_dDLC
042 _alcac
050 0 0 _aD24
_b.S78 1991
082 0 0 _a909
_220
092 _a909 S78 1991
245 1 0 _aVoices from distant lands.
_cSteck-Vaughn Library.
260 _aAustin, Tex. :
_bSteck-Vaughn Library,
_cc1991.
300 _aiv, 124 p. :
_bill. (some col.) ;
_c29 cm.
490 1 _aVoices
504 _aIncludes bibliographical references and index.
520 _aSegments and vignettes focus on both famous and unknown individuals in world history, presenting moments in time from ancient civilizations to the twentieth century.
650 0 _aWorld history
_xJuvenile literature.
_xJuvenile literature.
650 1 _aWorld history
_xMiscellanea.
720 2 _aSteck-Vaughn Library.
740 0 _aFrom distant lands.
830 0 _aVoices (Austin, Tex.)
001 data
999 _c1070
_d1070